000 00792nam a22001577a 4500
003 OSt
005 20150919105206.0
008 150919b xxu||||| |||| 00| 0 eng d
040 _cRUA
082 _aAGR KEO 2005 B031 Or.1
100 _9848
_aKEO, KIMAUN.
245 _aEffectiveness of using organic fertilizer on (brassica campestris pekinennesis) at royal university of agriculture ប្រសិទ្ធភាពនៃការប្រើប្រាស់ជីធម្មជាតិលើដំណាំស្ពៃក្រញាញ់នៅស្ថានីយ៍ពិសោធន៍ដំណាំនាំសាកលវិទ្យាល័យភូមិន្ទកសិកម្ម
260 _aPhnom Penh
_bRUA
_c2005
300 _ax; 48p.
_bill.
_c29cm.
942 _2ddc
_cAGR
999 _c820
_d820